Convenio multilateral, Impuestos internos, Monotributo (Registro nro. 3591)

Detalles MARC
000 -LEADER
fixed length control field 01447 a2200265 4500
001 - CONTROL NUMBER
control field 42304
005 - DATE AND TIME OF LATEST TRANSACTION
control field 20260407155712.0
008 - FIXED-LENGTH DATA ELEMENTS--GENERAL INFORMATION
fixed length control field 260407a2017 arg spa d
003 - CONTROL NUMBER IDENTIFIER
control field AR-UNSa-BCEJYS
040 ## - CATALOGING SOURCE
Original cataloging agency AR-UNSa-BCEJYS
Language of cataloging spa
Transcribing agency AR-UNSa-BCEJYS
080 ## - UNIVERSAL DECIMAL CLASSIFICATION NUMBER
Universal Decimal Classification number 336.226.111
Common auxiliary subdivision Impuestos sobre ingresos totales (Ingresos brutos - Convenio Multilateral)
041 ## - LANGUAGE CODE
Language code of text/sound track or separate title spa
100 1# - MAIN ENTRY--PERSONAL NAME
Personal name Celdeiro, Ernesto Carlos
245 10 - TITLE STATEMENT
Title Convenio multilateral, Impuestos internos, Monotributo
Name of part/section of a work Explicados y comentados
250 ## - EDITION STATEMENT
Edition statement 9a. ed.
264 #1 - PRODUCTION, PUBLICATION, DISTRIBUTION, MANUFACTURE, AND COPYRIGHT NOTICE
Place of production, publication, distribution, manufacture Buenos Aires :
Name of producer, publisher, distributor, manufacturer Errepar
Date of production, publication, distribution, manufacture, or copyright notice 2017
300 ## - PHYSICAL DESCRIPTION
Extent x, 131 p.
Dimensions 27 cm.
505 ## - FORMATTED CONTENTS NOTE
Formatted contents note CONVENIO MULTILATERAL: 1. Introducción - 2. Ámbito de aplicación del convenio multilateral - 3. Régimen general - 4. Regímenes especiales - 5. Iniciación y cese de actividades - 6. Organismos de aplicación - IMPUESTOS INTERNOS: 1. Aspetos generales - 2. Hecho imponible - 3. Exenciones - 4. Liquidación de Impuestos - 5. Pago del Impuesto - 6. Alícuotas - MONOTRIBUTO: 1. Antecedentes - 2. Características generales - 3. Liquidación de gravamen - 4. Abandono del régimen simplificado - 5. Interrelación con otras normas impositiva
590 ## - LOCAL NOTE (RLIN)
Local note niveau_biblio:m niveau_hierar:0
700 1# - ADDED ENTRY--PERSONAL NAME
Personal name Imirizaldu, Juan José
700 1# - ADDED ENTRY--PERSONAL NAME
Personal name Gómez, María Celeste
700 1# - ADDED ENTRY--PERSONAL NAME
Personal name Rofrano, Guido Omar
856 41 - ELECTRONIC LOCATION AND ACCESS
Uniform Resource Identifier <a href="https://biblioeco.unsa.edu.ar/pmb/images/libros/L126520.jpg">https://biblioeco.unsa.edu.ar/pmb/images/libros/L126520.jpg</a>
Link text Imagen de portada
Electronic format type image/jpeg
942 ## - ADDED ENTRY ELEMENTS (KOHA)
Koha item type
Existencias
Withdrawn status Lost status Damaged status Not for loan Home library Current library Shelving location Date acquired Total checkouts Full call number Barcode Date last seen Price effective from Koha item type Public note
        Biblioteca Prof. Eusebio Cleto del Rey Biblioteca Prof. Eusebio Cleto del Rey   07/04/2026   336.226.111 C392 9ed. L126520 07/04/2026 07/04/2026 Libro  
        Biblioteca Prof. Eusebio Cleto del Rey Biblioteca Prof. Eusebio Cleto del Rey   07/04/2026   336.226.111 C392 9ed. L126521 07/04/2026 07/04/2026 Libro CANTO SUPERIOR DERECHO MANCHADO
        Biblioteca Prof. Eusebio Cleto del Rey Biblioteca Prof. Eusebio Cleto del Rey   07/04/2026   336.226.111 C392 9ed. L126522 07/04/2026 07/04/2026 Libro  
        Biblioteca Prof. Eusebio Cleto del Rey Biblioteca Prof. Eusebio Cleto del Rey   07/04/2026   336.226.111 C392 9ed. L126523 07/04/2026 07/04/2026 Libro MANCHADO EN PÁGINAS 79 A 98 Y 1° PÁGINA
        Biblioteca Prof. Eusebio Cleto del Rey Biblioteca Prof. Eusebio Cleto del Rey   07/04/2026   336.226.111 C392 9ed. L126524 07/04/2026 07/04/2026 Libro  
        Biblioteca Prof. Eusebio Cleto del Rey Biblioteca Prof. Eusebio Cleto del Rey   07/04/2026   336.226.111 C392 9ed. L126525 07/04/2026 07/04/2026 Libro  
        Biblioteca Prof. Eusebio Cleto del Rey Biblioteca Prof. Eusebio Cleto del Rey   07/04/2026   336.226.111 C392 9ed. L126526 07/04/2026 07/04/2026 Libro  
        Biblioteca Prof. Eusebio Cleto del Rey Biblioteca Prof. Eusebio Cleto del Rey   07/04/2026   336.226.111 C392 9ed. L126527 07/04/2026 07/04/2026 Libro TAPA SEMIDOBLADA - PÁG 111 A 117 DOBLADAS - PÁG 115 PEGADA - CANTO MANCHADO
        Biblioteca Prof. Eusebio Cleto del Rey Biblioteca Prof. Eusebio Cleto del Rey   07/04/2026   336.226.111 C392 9ed. L126528 07/04/2026 07/04/2026 Libro PRIMERA HOJA ARRUGADA
        Biblioteca Prof. Eusebio Cleto del Rey Biblioteca Prof. Eusebio Cleto del Rey   07/04/2026   336.226.111 C392 9ed. L126529 07/04/2026 07/04/2026 Libro PÁG 76 CON LÁPIZ - TAPA DOBLADA - CANTO MANCHADO - PÁG 45 Y 47 CON MANCHA